|
|
|
|
| LEADER |
01265nab#a2200301#ar4500 |
| 001 |
000070613 |
| 003 |
SVKKK |
| 005 |
20001017xxxxxxx. |
| 008 |
06 c xo huno |
| FMT |
|
|
|
| 038 |
|
|
|a SVKKK
|
| 040 |
|
|
|a SVKKK
|b slo
|e AACR2
|
| 041 |
0 |
|
|a hun
|
| 044 |
|
|
|a xo
|c SK
|
| 080 |
|
|
|a 373.3
|
| 080 |
|
|
|a 377:339
|
| 242 |
1 |
0 |
|a Skúšky z telocviku
|
| 245 |
0 |
0 |
|a Tornavizsga
|
| 520 |
2 |
|
|a Článok prináša informácie z verejných skúšok z telocviku na meštianke a na Štátnej vyššej obchodnej škole v Revúcej, ktoré sa konali dňa [5]. 06. 1914. Podujatie viedli profesori Róbert Schmidt a Ján (János) Omaisz. V závere článku je zoznam žiakov, ktorí boli ocenení medailami. S príhovorom vystúpil aj riaditeľ školy Alexander (Sándor) Gyulai.
|
| 650 |
0 |
4 |
|a Štátna vyššia obchodná škola, Revúca (RV) - telocvik (skúšky) - [5].06.1914 - Schmidt, Róbert (profesor stredoškolský) - Omaisz, Ján (profesor stredoškolský) - menoslovy - prehľady - informácie
|
| 773 |
0 |
|
|t Murányvölgye : Szépirodalmi, társadalmi és közgazdasági hetilap
|g Roč. 4, č. 24 (14.06.1914) s. 3
|
| 957 |
|
|
|a Revúca
|
| 958 |
|
|
|a DG
|
| 958 |
|
|
|a SK
|
| 974 |
|
|
|a ebl
|d 20001017
|
| 992 |
|
|
|a RBX
|
| BAS |
|
|
|
| 998 |
|
|
|a RETRO
|